000 00607cam a22001814a 4500
020 _a007237960X
040 _cDLC
082 0 0 _a621 MCG 2001 A037 Or.
100 1 _aNorton, Robert L.
245 1 0 _aDesign of machinery :
_ban introduction to the synthesis and analysis of mechanisms and machines /
250 _a2nd ed., new media version
260 _aBoston, Mass. :
_bMcGraw Hill,
_c2001.
300 _axxi, 809 p. :
_bill. ;
_c24 cm.
_e+1 computer laser optical disc (4 3/4 in.)
650 0 _aMachine design.
650 0 _aMachinery, Kinematics of.
650 0 _aMachinery, Dynamics of.
942 _cEK
999 _c11408
_d11408